00511nam a2200193 a 4500001001300000003000900013005001700022008004100039020001000080082001300090100002300103245004200126260004700168300000900215500003500224505001600259650001900275700002300294nice12345678IN_TiNIC20260116011915.0050524s1961 mysa grp 000 0 eng  ac10000a270bFIR aFirth, Cyril Bruce aIntroduction to Indian Church History aMysorebChristian Literature Societyc1961 a272p aincludes index and biblioraphy2 aIndex, Maps aChurch-History1 aFirth, Cyril Bruce